[Event "3rd Memorial Warakomska 2019"]
[Site "Suwalki"]
[Date "2019.08.05"]
[Round "1.20"]
[White "Sharankov, Grigory"]
[Black "Caspi, Israel"]
[Result "0-1"]
[WhiteElo "2221"]
[BlackElo "2458"]
[Annotator "RC"]
[PlyCount "64"]
[EventDate "2019.08.05"]
[EventType "swiss"]
[EventCountry "POL"]
[TimeControl "40/5400+30:1800+30"]

1. d4 {[%emt 0:00:00]} Nf6 {[%emt 0:00:00]} 2. Nf3 {[%emt 0:00:13]} d5 {[%emt 0:00:24]} 3. c4 {[%emt 0:00:15]} e6 {[%emt 0:00:26]} 4. cxd5 {[%emt 0:01:32]} exd5 {[%emt 0:00:27]} 5. Nc3 {[%emt 0:00:24]} c6 {[%emt 0:03:38]} 6. Bf4 {[%emt 0:03:34]} Bf5 {[%emt 0:08:44]} 7. e3 {[%emt 0:05:22]} Nbd7 {[%emt 0:00:25]} 8. Bd3 {[%emt 0:01:07]} Bxd3 {[%emt 0:00:54]} 9. Qxd3 {[%emt 0:00:03]} Be7 {[%emt 0:01:12]} 10. h3 {[%emt 0:00:39]} O-O {[%emt 0:05:12]} 11. O-O {[%emt 0:01:27]} Re8 {[%emt 0:01:30]} 12. Ne5 {[%emt 0:04:11]} Nxe5 {[%emt 0:02:15]} 13. Bxe5 {[%emt 0:02:43]} Bd6 {[%emt 0:01:16]} 14. Bxd6 {[%emt 0:10:37]} Qxd6 {[%emt 0:00:08]} 15. a3 {[%emt 0:01:34]} a5 {[%emt 0:02:52]} 16. Rac1 {[%emt 0:02:26]} Ne4 {[%emt 0:09:45]} 17. Nxe4 {[%emt 0:05:33]} Rxe4 {[%emt 0:00:15]} 18. Rc5 {[%emt 0:07:09]} a4 {[%emt 0:02:37]} 19. Qc3 {[%emt 0:04:38]} h5 {[%emt 0:10:12]} 20. Qb4 {[%emt 0:03:26]} Qd7 {[%emt 0:00:34]} 21. Ra5 {[%emt 0:04:32]} Rxa5 {[%emt 0:00:19]} 22. Qxa5 {[%emt 0:00:19]} b5 {[%emt 0:00:27]} 23. Rc1 {[%emt 0:08:58]} Re6 {[%emt 0:00:28]} 24. Qa8+ {[%emt 0:00:33]} Kh7 {[%emt 0:00:10]} 25. h4 {[%emt 0:06:20]} Rf6 {[%emt 0:08:06]} 26. Qa5 {[%emt 0:04:41]} Qg4 {[%emt 0:01:31]} 27. g3 {[%emt 0:03:06]} Qe2 {[%emt 0:03:03]} 28. Qe1 {[%emt 0:04:28]} Qxb2 {[%emt 0:00:20]} 29. Rc3 {[%emt 0:02:58]} g6 {[%emt 0:07:00]} 30. Rd3 {[%emt 0:01:40]} Kg7 {[%emt 0:00:25]} 31. Kg2 {[%emt 0:01:31]} Qc2 {[%emt 0:00:45]} 32. Rd2 {[%emt 0:00:36]} Qc3 {[%emt 0:00:17]} 0-1

[Event "3rd Memorial Warakomska 2019"]
[Site "Suwalki"]
[Date "2019.08.05"]
[Round "1.21"]
[White "Malakhatko, Vadim"]
[Black "Sowul, Bartosz"]
[Result "0-1"]
[WhiteElo "2462"]
[BlackElo "2210"]
[Annotator "TA"]
[PlyCount "90"]
[EventDate "2019.08.05"]
[EventType "swiss"]
[EventCountry "POL"]
[SourceTitle "playchess.com"]
[Source "ChessBase"]
[SourceQuality "1"]

{[%evp 23,90,56,47,46,49,29,39,35,41,29,30,27,32,0,31,29,46,46,50,49,39,43,48,51,46,44,44,14,18,12,33,34,42,44,47,0,0,-25,-11,-78,-81,-89,-55,-123,-117,-123,-128,-125,-122,-122,-118,-295,-296,-372,-372,-416,-393,-426,-418,-414,-403,-427,-395,-409,-373,-371,-369,-504,-491]} 1. c4 Nf6 2. Nc3 g6 3. d4 Bg7 4. e4 d6 5. Nf3 O-O 6. Be2 c5 7. O-O cxd4 8. Nxd4 Nc6 9. Be3 Bd7 10. Qd2 Nxd4 11. Bxd4 Bc6 12. f3 Nd7 13. Bf2 {B38: Sicilian: Maroczy Bind with 5...Bg7 and 7...0-0} (13. Be3 a5 14. b3 Nc5 15. Rab1 Qb6 16. Rfc1 Rfc8 17. Rc2 Be5 18. Nd5 Qd8 19. Bg5 f6 20. Bh4 e6 21. Nc3 g5 22. Bg3 h5 23. Qe3 Qe7 24. a3 a4 25. b4 {1-0 (48) Artemiev,V (2653)-Gabuzyan,H (2607) Martuni 2016}) 13... a5 14. Rfe1 Nc5 15. Rab1 {White is slightly better.} e6 $146 ({Predecessor:} 15... a4 16. Nd5 Bxd5 17. exd5 Qa5 18. Qc2 Bf6 19. Bf1 Rfc8 20. f4 Qb4 {1-0 (32) Moiseev,D (2130)-Tasdogen,D (2176) Sochi 2016}) 16. Bd1 Qc7 17. Bc2 Rfc8 18. Rbd1 Rd8 19. b3 Qb6 20. Ne2 Qc7 21. Nd4 e5 22. Ne2 b5 23. cxb5 Bxb5 24. Nc3 Bc6 25. Nd5 Bxd5 26. Qxd5 Ne6 27. Bd3 Nf4 28. Qc4 Qe7 29. Bf1 Rdc8 $36 {[%mdl 2048] White is under pressure.} 30. Qa4 Rc2 31. Be3 (31. Bg3 $11) 31... Bh6 $17 {Hoping for ...Nxg2!} 32. g3 Qg5 {White must now prevent ...Qh5!} 33. Qd7 {[#]} (33. b4 $15 Rac8 34. Bc5) 33... Qh5 $1 {[%csl Gc2][%cal Rh5h2][%mdl 576] Double Attack} 34. Rd2 Nh3+ $1 35. Kg2 Rxd2+ 36. Bxd2 Bxd2 {[#]} 37. Rd1 $2 (37. Bc4 $3 $17 {[%mdl 512] is the only way for White.} Rf8 38. Rf1) 37... Ng5 $19 38. Be2 Bb4 39. h4 {[#]} Ne6 $1 40. Bc4 Rd8 41. Qa7 Rf8 42. a3 Nd4 43. Rd3 Bc5 44. Qxa5 Qh6 45. Qe1 Nc2 {Accuracy: White = 46%, Black = 68%.} 0-1

[Event "3rd Memorial Warakomska 2019"]
[Site "Suwalki"]
[Date "2019.08.05"]
[Round "1.22"]
[White "Zaika, Daniil"]
[Black "Barski, Radoslaw"]
[Result "0-1"]
[WhiteElo "2216"]
[BlackElo "2468"]
[Annotator "RC"]
[PlyCount "119"]
[EventDate "2019.08.05"]
[EventType "swiss"]
[EventCountry "POL"]
[TimeControl "40/5400+30:1800+30"]

1. d4 {[%emt 0:00:00]} Nf6 {[%emt 0:00:25]} 2. c4 {[%emt 0:00:00]} g6 {[%emt 0:00:15]} 3. g3 {[%emt 0:00:02]} Bg7 {[%emt 0:00:06]} 4. Bg2 {[%emt 0:00:09]} O-O {[%emt 0:00:07]} 5. Nc3 {[%emt 0:00:11]} d6 {[%emt 0:00:10]} 6. Nf3 {[%emt 0:00:14]} Nbd7 {[%emt 0:01:08]} 7. O-O {[%emt 0:00:21]} e5 {[%emt 0:00:05]} 8. h3 {[%emt 0:01:17]} a6 {[%emt 0:00:30]} 9. Re1 {[%emt 0:12:18]} Rb8 {[%emt 0:00:55]} 10. a4 {[%emt 0:02:36]} Re8 {[%emt 0:11:11]} 11. e4 {[%emt 0:07:26]} exd4 {[%emt 0:03:00]} 12. Nxd4 {[%emt 0:00:05]} a5 {[%emt 0:01:15]} 13. Ndb5 {[%emt 0:05:29]} Nc5 {[%emt 0:03:31]} 14. Bf4 {[%emt 0:07:22]} Be6 {[%emt 0:04:59]} 15. b3 {[%emt 0:15:37]} Nfd7 {[%emt 0:05:24]} 16. Qc2 {[%emt 0:01:17]} Na6 {[%emt 0:10:52]} 17. Rad1 {[%emt 0:07:36]} Nb4 {[%emt 0:00:45]} 18. Qb1 {[%emt 0:03:10]} c6 {[%emt 0:21:54]} 19. Bxd6 {[%emt 0:17:33]} cxb5 {[%emt 0:00:16]} 20. Nxb5 {[%emt 0:00:02]} Rc8 {[%emt 0:02:50]} 21. f4 {[%emt 0:01:49]} Qb6+ {[%emt 0:03:10]} 22. Kh2 {[%emt 0:00:07]} Nf6 {[%emt 0:04:37]} 23. Bxb4 {[%emt 0:12:48]} axb4 {[%emt 0:00:08]} 24. Nd6 {[%emt 0:00:03]} h5 {[%emt 0:08:31]} 25. e5 {[%emt 0:03:31]} Nd7 {[%emt 0:01:08]} 26. Nxb7 {[%emt 0:00:19]} h4 {[%emt 0:02:55]} 27. g4 {[%emt 0:00:24]} Qf2 {[%emt 0:01:08]} 28. Qe4 {[%emt 0:00:50]} Qg3+ {[%emt 0:05:20]} 29. Kg1 {[%emt 0:00:33]} Qxb3 {[%emt 0:00:16]} 30. Nd6 {[%emt 0:00:24]} Nc5 {[%emt 0:01:19]} 31. Qb1 {[%emt 0:01:20]} Qxb1 {[%emt 0:02:30]} 32. Rxb1 {[%emt 0:00:08]} b3 {[%emt 0:00:03]} 33. Bd5 {[%emt 0:00:58]} Red8 {[%emt 0:02:34]} 34. Nxc8 {[%emt 0:00:15]} Rxc8 {[%emt 0:01:22]} 35. a5 {[%emt 0:00:18]} Rc7 {[%emt 0:00:33]} 36. Red1 {[%emt 0:00:20]} Bd7 {[%emt 0:00:42]} 37. Bf3 {[%emt 0:00:58]} g5 {[%emt 0:00:43]} 38. a6 {[%emt 0:00:23]} gxf4 {[%emt 0:01:02]} 39. Ra1 {[%emt 0:00:40]} Ra7 {[%emt 0:00:28]} 40. Ra5 {[%emt 0:00:00]} Bf8 {[%emt 0:00:00]} 41. Rb1 {[%emt 0:22:17]} Bc8 {[%emt 0:10:19]} 42. Bd1 {[%emt 0:00:30]} Bxa6 {[%emt 0:00:30]} 43. g5 {[%emt 0:05:24]} Rd7 {[%emt 0:01:34]} 44. Bxb3 {[%emt 0:00:30]} Rd3 {[%emt 0:00:35]} 45. Bc2 {[%emt 0:01:22]} Rg3+ {[%emt 0:00:32]} 46. Kf2 Bxc4 {[%emt 0:01:13]} 47. Rb8 {[%emt 0:02:27]} Ne6 {[%emt 0:01:13]} 48. Bf5 {[%emt 0:00:31]} Kg7 {[%emt 0:00:28]} 49. g6 {[%emt 0:01:06]} Bc5+ {[%emt 0:02:07]} 50. Rxc5 {[%emt 0:00:03]} Nxc5 {[%emt 0:00:04]} 51. Rb4 {[%emt 0:00:05]} Be6 {[%emt 0:00:48]} 52. Bb1 {[%emt 0:00:38]} fxg6 {[%emt 0:01:09]} 53. Rxf4 {[%emt 0:00:06]} Rb3 {[%emt 0:00:16]} 54. Bxg6 {[%emt 0:01:44]} Kxg6 {[%emt 0:01:10]} 55. Rxh4 {[%emt 0:00:04]} Kf5 {[%emt 0:00:19]} 56. Rh5+ {[%emt 0:00:25]} Kf4 {[%emt 0:00:16]} 57. Rh4+ {[%emt 0:00:06]} Kxe5 {[%emt 0:00:07]} 58. Ke2 {[%emt 0:00:20]} Ne4 {[%emt 0:00:16]} 59. Rh5+ {[%emt 0:00:58]} Kd4 {[%emt 0:00:08]} 60. Ke1 0-1

[Event "3rd Memorial Warakomska 2019"]
[Site "Suwalki"]
[Date "2019.08.05"]
[Round "1.23"]
[White "Cukrowski, Filip"]
[Black "Kukula, Pawel"]
[Result "1-0"]
[WhiteElo "2421"]
[BlackElo "2209"]
[Annotator "TA"]
[PlyCount "89"]
[EventDate "2019.08.05"]
[EventType "swiss"]
[EventCountry "POL"]
[SourceTitle "playchess.com"]
[Source "ChessBase"]
[SourceQuality "1"]

{[%evp 12,89,19,16,20,3,15,-15,10,0,0,0,5,-123,31,40,23,8,7,7,49,25,25,25,31,22,28,22,20,22,20,24,35,37,96,92,93,90,90,80,91,107,129,130,145,152,147,143,177,162,251,251,251,251,251,233,325,325,325,320,251,251,251,251,342,342,343,343,440,310,515,517,1905,1666,1556,1329,1848,1244,966,832]} 1. e4 c5 2. Nf3 Nc6 3. Bb5 g6 4. O-O Bg7 5. Re1 e5 6. d3 Nge7 7. Nc3 O-O {B31: Sicilian: 2...Nc6 3 Bb5 g6} 8. h3 d6 9. Be3 (9. Bc4 h6 10. Nd5 Nxd5 11. Bxd5 Kh7 12. c3 Ne7 13. Bc4 Be6 14. Bxe6 fxe6 15. Qb3 Qd7 16. a4 b6 17. Nd2 Nc6 18. Nf1 Rab8 {½-½ (18) Ilincic,Z (2407)-Czebe,A (2459) Kecskemet 2016}) 9... h6 {The position is equal.} 10. a3 $146 ({Predecessor:} 10. Qd2 Kh7 11. Nh2 Nd4 12. Bxd4 cxd4 13. Nd5 Nxd5 14. exd5 a6 15. Ba4 {½-½ (71) Surya,B (1830)-Jiang,B (1589) Mississauga 2017}) 10... f5 11. Bc4+ Kh7 12. Bg5 (12. Nd5 $11 {remains equal.}) 12... Bf6 $2 (12... hxg5 $17 13. Nxg5+ Kh8 14. Nf7+ Rxf7 $1 {[%mdl 512]} 15. Bxf7 Bh6) 13. Bxf6 $14 Rxf6 14. Nd5 Nxd5 15. Bxd5 Be6 (15... Ne7 {seems wilder.} 16. Ba2 Qc7 17. c3 b5 18. Nd2 Bd7) 16. Bxe6 (16. b4 $5) 16... Rxe6 17. c3 Qf6 18. Qb3 Re7 19. d4 cxd4 20. cxd4 Rae8 21. dxe5 dxe5 22. Rad1 Nd4 {[#]} (22... Rd8 $14) 23. Nxd4 $1 $16 exd4 {[#]} 24. e5 $1 {[%mdl 512]} Rxe5 25. Rxe5 Rxe5 26. Qxb7+ {[%mdl 4096] Endgame KQR-KQR} Re7 27. Qd5 Re4 28. f3 Re2 29. Qxd4 Qxd4+ 30. Rxd4 Rxb2 {KR-KR} (30... a5 $142 31. b3 Kg7) 31. Rd7+ $18 Kg8 32. Rxa7 Ra2 33. a4 {[%cal Ba3a4,Ba4a5,Ba5a6][%mdl 32]} f4 34. a5 Ra1+ 35. Kf2 ({Don't do} 35. Kh2 h5 $18) 35... Ra2+ {[#]} 36. Kf1 $1 Kf8 37. a6 Kg8 38. Ke1 g5 39. Kd1 h5 40. Kc1 g4 $2 (40... h4 41. Kb1 Ra5 42. Ra8+ Kf7) 41. Kb1 {White is clearly winning.} gxh3 (41... Ra4 $142 42. fxg4 Rb4+ 43. Kc2 Ra4 44. gxh5 Kh8 45. Ra8+ Kg7) 42. gxh3 Ra5 43. Kb2 h4 44. Kb3 Ra1 45. Kc4 {Accuracy: White = 67%, Black = 44%.} 1-0

[Event "3rd Memorial Warakomska 2019"]
[Site "Suwalki"]
[Date "2019.08.05"]
[Round "1.24"]
[White "Kokoszczynski, Jan"]
[Black "Dhulipalla Bala Chandra Prasad"]
[Result "0-1"]
[WhiteElo "2238"]
[BlackElo "2419"]
[Annotator "TA"]
[PlyCount "84"]
[EventDate "2019.08.05"]
[EventType "swiss"]
[EventCountry "POL"]
[SourceTitle "playchess.com"]
[Source "ChessBase"]
[SourceQuality "1"]

{[%evp 22,84,24,18,28,22,0,0,22,26,79,0,0,0,3,0,0,0,27,30,29,10,8,0,28,0,65,22,30,24,35,35,63,0,-10,-42,106,104,112,-134,-109,-117,-69,-134,-137,-168,-166,-195,-202,-279,-212,-262,-115,-360,-302,-464,-452,-435,-463,-455,-442,-408,-318,-939,-938]} 1. e4 e5 2. Nf3 Nc6 3. Bb5 a6 4. Ba4 Nf6 5. O-O Be7 6. Re1 b5 7. Bb3 d6 8. c3 O-O 9. h3 Nb8 10. d4 Nbd7 11. c4 c6 12. Nc3 b4 {C95: Closed Ruy Lopez: Breyer Variation with 10 d4} 13. Ne2 Nxe4 14. Qc2 Nef6 {The position is equal.} 15. Ng3 {[#]} a5 $146 (15... c5 $11 {keeps the balance.}) ({Predecessor:} 15... c5 16. dxe5 Nxe5 17. Nxe5 dxe5 18. Rxe5 Bd6 19. Re2 Qc7 20. Nf5 Bxf5 21. Qxf5 {½-½ (57) Cuenca Jimenez,J (2512)-Adams,M (2701) Caleta 2019}) 16. dxe5 ({White should try} 16. c5 $16 dxc5 17. dxe5) 16... Nxe5 $11 17. Nxe5 dxe5 18. Rxe5 Qc7 19. Re1 c5 20. Nf5 Bd8 21. Ba4 Ra6 22. Bd2 Bb7 23. Ng3 Ba8 (23... Be7 $11) 24. Be3 Re6 25. Rad1 Ne4 26. Rd7 Qc8 27. Ne2 (27. Bf4 $14 Nf6 28. Rdd1 (28. Rxe6 fxe6 29. Rd1 Qb7 $14)) 27... Nf6 28. Rdd1 Nh5 {[#]} (28... Rxe3 $15 {keeps the upper hand.} 29. fxe3 Qe6) 29. Qf5 $1 $16 {[%csl LRc5,LRh5][%cal Rf5h5]} Qb7 {[%csl Ga8][%cal Rb7g2] [#]} 30. Rd5 $2 (30. Qd5 $1 $16) 30... Nf6 $17 31. Nf4 ({Avoid the trap} 31. Bc2 $2 g6 $19) 31... g6 $40 {[%mdl 128] Black mounts an attack.} 32. Qd3 (32. Qc2 $15 Nxd5 33. cxd5) 32... Nxd5 33. cxd5 Re5 34. Rc1 Bb6 35. h4 Rd8 36. Qb5 Qe7 (36... Rdxd5 $19 {is more deadly. Threatens to win with ...Rd6.} 37. Nxd5 Qxd5) 37. Re1 $2 (37. Qxb6 $17 {is the only way for White.} Rxe3 38. Ne6 fxe6 39. fxe3 Bxd5 40. Bb3) 37... Rd6 {And now ...c4 would win.} 38. Bb3 (38. Re2 $142) 38... c4 $19 39. Bxc4 Bxe3 40. fxe3 Rxe3 41. Rf1 Re4 {Strongly threatening ...Rxf4!} 42. b3 $2 {[#]} (42. Qc5) 42... Rxf4 $1 {[%mdl 512] Accuracy: White = 18%, Black = 53%.} 0-1

[Event "3rd Memorial Warakomska 2019"]
[Site "Suwalki"]
[Date "2019.08.05"]
[Round "1.25"]
[White "Goluch, Piotr"]
[Black "Sanz Wawer, Daniel"]
[Result "1-0"]
[WhiteElo "2386"]
[BlackElo "2154"]
[Annotator "TA"]
[PlyCount "87"]
[EventDate "2019.08.05"]
[EventType "swiss"]
[EventCountry "POL"]
[SourceTitle "playchess.com"]
[Source "ChessBase"]
[SourceQuality "1"]

{[%evp 9,87,-13,-24,-21,10,-2,16,-31,-16,-14,-2,-13,0,-14,0,0,0,0,0,0,0,0,-3,-36,0,0,0,0,0,0,0,-9,22,31,58,37,32,39,60,60,85,54,81,59,48,33,27,29,18,0,0,0,79,85,114,109,83,0,0,0,0,0,0,0,13,0,160,159,174,87,140,122,127,133,121,67,299,312,609,604]} 1. e4 c6 2. Nc3 d5 3. Nf3 Nf6 4. e5 Ne4 5. d3 Nxc3 6. bxc3 {B11: Caro-Kann: Two Knights Variation} Bg4 7. Be2 Nd7 $146 ({Predecessor:} 7... e6 8. O-O Nd7 9. Ng5 Bxe2 10. Qxe2 Be7 11. f4 g6 12. a4 Qc7 13. Nf3 {0-1 (43) Gluckman,D (2215)-Deac,B (2572) Caleta 2017}) 8. Bf4 {The position is equal.} e6 9. O-O Be7 10. Rb1 b6 11. Re1 O-O 12. Nd4 Bxe2 13. Qxe2 Rc8 14. Qg4 {aiming for Bh6!} Re8 15. Bh6 {[%csl Gh6][%cal Rg4g7]} Bf8 16. Re3 g6 (16... f5 $5 {[%cal Rf5g4]} 17. exf6 Nxf6 $11) 17. Qf4 Bxh6 18. Qxh6 Qe7 $1 19. Nf3 $36 {[%mdl 2048] White wants to play Ng5. White is more active.} Qf8 20. Qf4 c5 21. h4 h6 22. Rbe1 c4 23. d4 b5 24. Nh2 Kh7 25. Rg3 a5 26. h5 g5 27. Qd2 f5 28. exf6 $1 Nxf6 29. Rge3 Nxh5 30. Rxe6 {And now Ng4 would win.} Nf4 (30... Nf6 $11 {remains equal.}) 31. R6e5 $16 Rxe5 32. dxe5 Qf5 33. Qd1 (33. g3 $1 $16 {[%cal Rg3f4]} Nh3+ 34. Kg2) 33... h5 {[#]} 34. e6 $1 {[%mdl 512]} Re8 (34... Nxe6 35. Nf3) 35. e7 g4 36. Nf1 Qf7 37. Qd2 {Threatens to win with Re5.} Ng6 $2 {[#]} (37... Qf6 $1 $11) 38. Qg5 $1 Nxe7 {[#]} 39. Ng3 (39. Re5 $1 $18) 39... Nc6 (39... Ng8 $142 40. Rxe8 Qxe8) 40. Rxe8 Qxe8 41. Qxd5 h4 42. Ne4 (42. Nf1 $16) 42... Qg6 $2 ({Better is} 42... Kg7 $1 $14) 43. Ng5+ $18 Kh6 $2 (43... Kh8 44. Ne6 (44. Qxb5 Qxc2 45. Qxc4 Qc1+ {[%mdl 64] Double Attack} 46. Kh2 Qxg5 $11) 44... Ne7 45. Qd8+ Ng8) 44. Ne6 {Accuracy: White = 46%, Black = 38%.} 1-0

[Event "3rd Memorial Warakomska 2019"]
[Site "Suwalki"]
[Date "2019.08.05"]
[Round "1.26"]
[White "Lisowski, Krzysztof"]
[Black "Grib, Roman"]
[Result "0-1"]
[WhiteElo "2187"]
[BlackElo "2421"]
[Annotator "RC"]
[PlyCount "80"]
[EventDate "2019.08.05"]
[EventType "swiss"]
[EventCountry "POL"]
[TimeControl "40/5400+30:1800+30"]

1. e4 {[%emt 0:00:00]} c5 {[%emt 0:00:00]} 2. Nf3 {[%emt 0:00:00]} d6 {[%emt 0:00:00]} 3. Bb5+ {[%emt 0:01:00]} Bd7 {[%emt 0:00:11]} 4. c4 {[%emt 0:05:18]} Nc6 {[%emt 0:01:01]} 5. O-O {[%emt 0:15:47]} Nf6 {[%emt 0:09:46]} 6. d3 {[%emt 0:11:36]} g6 {[%emt 0:01:43]} 7. h3 {[%emt 0:02:54]} Bg7 {[%emt 0:02:08]} 8. Be3 {[%emt 0:01:50]} O-O {[%emt 0:01:59]} 9. Qd2 {[%emt 0:01:51]} a6 {[%emt 0:11:52]} 10. Ba4 {[%emt 0:03:48]} Qa5 {[%emt 0:11:55]} 11. Nc3 {[%emt 0:06:36]} Rfb8 {[%emt 0:05:32]} 12. Bh6 {[%emt 0:25:30]} b5 {[%emt 0:06:50]} 13. cxb5 {[%emt 0:01:27]} axb5 {[%emt 0:01:07]} 14. Bb3 {[%emt 0:00:51]} Qb4 {[%emt 0:03:02]} 15. Bc2 {[%emt 0:10:58]} Nd4 {[%emt 0:15:46]} 16. Nxd4 {[%emt 0:05:56]} Bxh6 {[%emt 0:00:19]} 17. Qxh6 {[%emt 0:00:39]} cxd4 {[%emt 0:00:03]} 18. Nd1 {[%emt 0:01:47]} Be6 {[%emt 0:00:44]} 19. a3 {[%emt 0:00:55]} Qc5 {[%emt 0:00:42]} 20. Rc1 {[%emt 0:00:19]} Rc8 {[%emt 0:00:53]} 21. f4 {[%emt 0:00:36]} Qh5 {[%emt 0:11:34]} 22. Qxh5 {[%emt 0:00:04]} Nxh5 {[%emt 0:00:03]} 23. g4 {[%emt 0:00:59]} Ng7 {[%emt 0:02:20]} 24. Nf2 {[%emt 0:00:27]} f5 {[%emt 0:00:50]} 25. Rfe1 {[%emt 0:00:39]} Kf7 {[%emt 0:00:29]} 26. Kf1 {[%emt 0:00:25]} b4 {[%emt 0:00:49]} 27. axb4 {[%emt 0:00:22]} Rab8 {[%emt 0:00:13]} 28. Bb1 {[%emt 0:00:52]} Rxc1 {[%emt 0:00:14]} 29. Rxc1 {[%emt 0:00:03]} Rxb4 {[%emt 0:00:01]} 30. Rc2 {[%emt 0:00:38]} Bb3 {[%emt 0:01:37]} 31. Rc1 {[%emt 0:00:49]} Ne6 {[%emt 0:01:24]} 32. gxf5 {[%emt 0:00:19]} gxf5 {[%emt 0:00:43]} 33. exf5 {[%emt 0:00:27]} Nxf4 {[%emt 0:00:06]} 34. Ne4 {[%emt 0:00:43]} Bd5 {[%emt 0:01:04]} 35. Ng5+ {[%emt 0:00:26]} Kf6 {[%emt 0:00:22]} 36. Nxh7+ {[%emt 0:00:30]} Kxf5 {[%emt 0:00:07]} 37. Rc2 {[%emt 0:00:06]} Kg6 {[%emt 0:01:34]} 38. Nf8+ {[%emt 0:00:16]} Kg7 {[%emt 0:00:19]} 39. Nd7 {[%emt 0:00:45]} Rb7 {[%emt 0:00:10]} 40. Rf2 {[%emt 0:00:00]} e5 {[%emt 0:00:00]} 0-1

[Event "3rd Memorial Warakomska 2019"]
[Site "Suwalki"]
[Date "2019.08.05"]
[Round "1.27"]
[White "Hnydiuk, Aleksander"]
[Black "Kumala, Aleksander"]
[Result "1-0"]
[WhiteElo "2412"]
[BlackElo "2184"]
[Annotator "TA"]
[PlyCount "101"]
[EventDate "2019.08.05"]
[EventType "swiss"]
[EventCountry "POL"]
[SourceTitle "playchess.com"]
[Source "ChessBase"]
[SourceQuality "1"]

{[%evp 9,101,55,62,62,68,50,73,56,83,24,26,38,75,54,97,42,56,51,49,49,55,54,59,63,43,27,25,-12,36,27,24,17,28,23,25,25,47,30,42,0,40,-3,55,50,35,44,98,86,208,200,203,183,198,190,194,171,199,120,359,318,350,365,373,371,363,356,354,294,297,290,301,267,263,263,255,255,330,329,321,306,334,327,342,335,308,316,400,398,418,418,1152,1150,899,864]} 1. Nf3 d6 2. d4 Bg4 3. c4 Bxf3 4. exf3 c6 5. Nc3 g6 6. Be3 {A41: 1 d4 d6: Tartakower System and Modern Defence} Bg7 7. Qb3 (7. Be2 Nf6 8. d5 O-O 9. O-O Nbd7 10. f4 cxd5 11. Nxd5 Nxd5 12. Qxd5 Bxb2 13. Rab1 Bf6 14. Rxb7 Nc5 15. Bxc5 dxc5 16. Qxc5 Qd2 17. Bf3 Qxa2 {0-1 (72) Gelfand,B (2673)-Petrosian,T (2598) St Petersburg 2018}) 7... Qc7 8. Be2 {White is better.} e6 9. d5 (9. Ne4 $16) 9... exd5 10. cxd5 Nd7 $146 ({Predecessor:} 10... Ne7 11. g4 O-O 12. Rd1 Nd7 13. O-O Nf6 14. dxc6 bxc6 {1-0 (71) Kanter,E (2410)-Tiraturyan,D (2201) Yerevan 2014}) 11. Rc1 c5 12. Nb5 (12. Ne4 $16) 12... Qb8 $14 13. Bf4 Ne5 14. Qa4 {Hoping for b4.} Kf8 $1 15. O-O Ne7 16. Nc3 a6 17. Qe4 b5 18. Bg5 {f4 is the strong threat.} f6 19. Be3 Kf7 20. f4 f5 21. Qc2 Nd7 22. Bf3 Re8 23. Rfe1 Nb6 24. Rcd1 Ng8 25. Bc1 Ra7 (25... Rxe1+ $11 26. Rxe1 Nf6) 26. Re6 Rae7 27. g4 b4 (27... fxg4 $14 28. Bxg4 Nxd5) 28. Ne2 $16 Rxe6 (28... fxg4 $16 {was worth a try.} 29. Bxg4 Nh6 30. Rxe7+ Kxe7) 29. dxe6+ $18 Rxe6 30. gxf5 gxf5 31. Qxf5+ Nf6 32. Ng3 $36 {[%mdl 2048] White is in control.} ({But not} 32. Bg4 $6 Re7 $16) 32... Qc8 33. Ne4 ({White should try} 33. Qg5 $18) 33... Ke7 $2 (33... Kg8 $16) 34. Qg5 Bh8 35. f5 Re5 36. Nxd6 Qg8 37. Qxg8 Nxg8 38. Bf4 c4 39. Bxe5 Bxe5 40. Nxc4 {[%mdl 64] [#] Deflection} Nxc4 41. Bd5 $1 {[%csl LRc4,LRg8]} Nxb2 42. Re1 Nd3 43. Re3 Nh6 44. Rxd3 Nxf5 {[%mdl 4096] Endgame KRB-KBN} 45. Bc4 Nd4 46. Bxa6 Ne2+ 47. Kh1 Nc3 48. Bc4 Kf6 49. Kg2 Ne2 (49... Kg5 $142 50. Rd7 h5) 50. Rf3+ {[%mdl 64] [#] Discovered Attack} Nf4+ 51. Kg3 {Accuracy: White = 58%, Black = 39%.} 1-0

[Event "3rd Memorial Warakomska 2019"]
[Site "Suwalki"]
[Date "2019.08.05"]
[Round "1.28"]
[White "Pniaczek, Marek"]
[Black "Kosakowski, Jakub"]
[Result "0-1"]
[WhiteElo "2276"]
[BlackElo "2394"]
[Annotator "TA"]
[PlyCount "70"]
[EventDate "2019.08.05"]
[EventType "swiss"]
[EventCountry "POL"]
[SourceTitle "playchess.com"]
[Source "ChessBase"]
[SourceQuality "1"]

{[%evp 13,70,18,21,18,16,0,18,0,33,0,25,20,76,77,80,66,68,54,65,58,79,49,51,37,33,38,54,52,56,52,50,0,0,0,0,0,0,0,0,0,0,-79,-73,-75,-6,-452,-375,-378,-377,-338,-429,-979,-979,-979,-972,-950,-923,-29997,-29998]} 1. e4 c5 2. Nf3 Nc6 3. Bb5 g6 4. O-O Bg7 5. Re1 e5 6. Bxc6 dxc6 7. d3 Qc7 8. Be3 {B31: Sicilian: 2...Nc6 3 Bb5 g6} (8. a3 Nf6 9. b4 O-O 10. Nbd2 Bg4 11. h3 Bxf3 12. Nxf3 cxb4 13. axb4 a5 14. bxa5 Rxa5 15. Bd2 Raa8 {½-½ (49) Caruana,F (2832)-Carlsen,M (2835) London 2018}) 8... b6 9. Nbd2 Nf6 10. Nc4 {The position is equal.} Nd7 11. a3 O-O 12. b4 $146 ({Predecessor:} 12. Qc1 Ba6 13. Bh6 Bxc4 14. Bxg7 Kxg7 15. dxc4 {0-1 (40) Petrovski,I (1807)-Halvax,G (2059) Kemer 2007}) 12... b5 {[#]} (12... Ba6 $11) 13. Na5 $1 $16 Rd8 14. Qb1 Bf8 15. Rc1 Rb8 16. Qb3 Nb6 17. Bxc5 Bxc5 18. bxc5 Na4 $1 19. Qb4 Bg4 {Black wants to play ...Bxf3.} 20. Nxe5 {[%mdl 64] Decoy} Qxe5 21. Nxc6 {[%mdl 64] Double Attack} Qg5 {aiming for ...Bh3!} 22. h4 (22. Nxd8 Bh3 $11) 22... Qxh4 23. Nxb8 {And now Nc6 would win.} Qg5 24. Kf1 (24. Qxb5 {is a self mate.} Bf3 25. Qe8+ Rxe8 26. Kf1 Qxg2+ 27. Ke1 Qg1+ 28. Kd2 Qxf2#) 24... Qh5 {[%cal Rh5h1]} 25. Kg1 Qg5 $40 {[%mdl 128] White needs to defend precisely.} 26. Kf1 {Hoping for Na6.} (26. Qxb5 {gets mated.} Bf3 27. Qe8+ Rxe8 28. Kf1 Qxg2+ 29. Ke1 Qg1+ 30. Kd2 Qxf2#) 26... Rxb8 27. f3 {[#]} (27. d4 $1 $11) 27... Be6 $1 $17 28. d4 {d5 is the strong threat.} Qe3 (28... Bc4+ $17 29. Kf2 Rd8) 29. d5 $2 {[%mdl 8192]} (29. Re1 $1 $11 Bc4+ 30. Qxc4 Qxe1+ 31. Kxe1 bxc4 32. g4) 29... Bh3 $1 $19 30. gxh3 {Threatens to win with Kg2.} Qxf3+ {[%mdl 64] Double Attack} 31. Kg1 Qg3+ ({Inferior is} 31... Qxh3 32. Qd4 $11) 32. Kh1 (32. Kf1 $142 Nc3 33. Re1) 32... Qxh3+ 33. Kg1 Qg3+ 34. Kh1 Re8 {( -> ...Re5)} 35. Re1 Re5 0-1